Music Quiz

Random Music or Lyrics Quiz

'Happy' Lyrics Quiz Stats

 Plays Quiz Updated Sep 24, 2014

Challenge
Share
Tweet
Embed
Score 0/220 Timer 10:00
0 Plays Today
% Correct
I
97.6%
I
97.6%
I
97.6%
happy
97.4%
happy
97.4%
happy
97.4%
happy
97.4%
happy
97.2%
a
96%
a
96%
a
96%
a
96%
you
94.2%
you
93.9%
you
93.9%
you
93.9%
you
93.9%
you.
93.9%
you
93.9%
you
93.9%
you
93.9%
you
93.9%
you,
93.9%
you
93.9%
happy
92.6%
happy
91.7%
a
91.1%
happy
91.1%
I'm
90.7%
I'm
90.7%
I'm
90.7%
I'm
90.7%
I'm
90.7%
I'm
90.7%
be
90.2%
you
89.6%
you
89.6%
a
89.2%
you
88.8%
if
88.2%
if
88.2%
if
88.2%
if
88.2%
you
87.8%
you.
87.4%
I'm
86.6%
the
86.2%
the
86.2%
the
86.2%
if
85.8%
if
85.8%
I'm
85.7%
Because
85.4%
Because
85.4%
Because
85.4%
Because
85.4%
I'm
84.9%
if
84.4%
feel
84.1%
feel
84.1%
feel
84.1%
like
84%
like
84%
like
84%
like
84%
I'm
83.7%
is
83.7%
if
83.6%
Because
83.4%
is
82.4%
is
82.4%
like
82%
to
81%
to
81%
% Correct
to
81%
to
81%
Because
80.9%
along
80.8%
along
80.8%
along
80.8%
along
80.8%
is
80.6%
feel
80.3%
like
80.3%
feel
79.8%
With
79.5%
Clap
79.3%
along
78.9%
feel
78.7%
like
78.7%
the
78.6%
Because
78.4%
Because
78.2%
Clap
77.8%
Clap
77.8%
Clap
77.8%
Clap
77.8%
to
77.8%
along
77.5%
do.
77.5%
along
77.2%
along
77.2%
Clap
76.3%
what
75.6%
what
75.6%
what
75.6%
do.
75.5%
without
75.2%
Clap
74.5%
happiness
74.2%
happiness
74.2%
roof.
73.9%
room
72.9%
what
72.8%
without
72.4%
Clap
72.3%
that
71.9%
that.
71.9%
room
71.6%
happiness
71.5%
happiness
71.3%
what
71%
it
68.5%
truth.
67.8%
and
67.5%
and
67.5%
roof.
67.4%
wanna
67.2%
It
65.6%
know
63.6%
truth.
62.6%
me
62%
me
62%
me
62%
me
62%
me
62%
me
62%
know
61.3%
go
61.2%
say,
58.2%
that's
57.1%
can
56.8%
that's
56.7%
'bout
54.8%
No
53.4%
your
51.8%
might
49.3%
don't
47.3%
% Correct
don't
47.3%
don't
47.3%
seem
47.2%
crazy
46.7%
here
45.9%
Here
45.9%
this
45.8%
come
44.7%
come
44.7%
Come
44.7%
down
42.8%
down
42.8%
down
42.8%
down
42.8%
wanna
41.8%
on.
41.4%
on.
41.4%
Bring
39.3%
Bring
39.3%
Bring
39.3%
Bring
39.3%
take
39.1%
too
38.4%
why:
37.7%
way.
36.7%
just
36.6%
Can't
36.6%
Can't
36.6%
all
33.9%
time.
33.8%
care
32.6%
air
32.1%
air
32.1%
got
32.1%
Sunshine
31.6%
break.
31.4%
by
30.8%
hot
30.6%
I'll
30.3%
talkin'
30.1%
could
29.8%
waste
29.6%
balloon
29.2%
she's
29%
My
28.8%
space
28.7%
should
28.7%
news
28.6%
fine.
28.4%
bad
28.1%
give
27.8%
baby
27.7%
back.
27.6%
hold
26.5%
nothin'
26.5%
nothin'
26.5%
Here's
26.3%
high
26.2%
offense
24.9%
(Yeah)
24.6%
(Yeah)
24.6%
(Yeah)
24.6%
warn
23.2%
now.
22.5%
probably
21.4%
tell
19.8%
Well
19.5%
Well
19.5%
Let
17.3%
said
16%
Hey,
13.3%
level's
10.2%

You're not logged in!

Compare scores with friends on all Sporcle quizzes.
Join for Free
OR
Log In

You Might Also Like...

Show Comments

Extras

Top Quizzes Today


Score Distribution

Your Account Isn't Verified!

In order to create a playlist on Sporcle, you need to verify the email address you used during registration. Go to your Sporcle Settings to finish the process.

Report this User

Report this user for behavior that violates our Community Guidelines.

Details: